000
00331nam a2200133Ia 4500
008
231017s9999 xx 000 0 und d
082
_a
625.7
082
_b
SU
245
0
_a
Application of the analytic hierarchy process in road asset management
245
0
_c
Austroads
260
_b
Austroads
300
_c
30cm
942
_c
REP
999
_c
606056
_d
606056